[Event "Heusenstamm Sparkassen op-A 6th"]
[Site "Heusenstamm"]
[Date "2019.11.22"]
[Round "3"]
[White "Vlassis, Georgios"]
[Black "Vakulenko, Aleksandr"]
[Result "0-1"]
[WhiteElo "2017"]
[BlackElo "2250"]
[PlyCount "90"]
[EventDate "2019.11.21"]
[EventType "swiss"]
[EventRounds "7"]
[EventCountry "GER"]
[SourceTitle "CBM 194 Extra"]
[Source "ChessBase"]
[SourceDate "2020.03.31"]
[SourceVersion "1"]
[SourceVersionDate "2020.03.31"]
[SourceQuality "1"]

1. e4 e5 2. Nf3 Nc6 3. Nc3 g6 4. d4 exd4 5. Nxd4 Bg7 6. Be3 Nf6 7. Be2 0-0 8. 0-0 Re8 9. Nxc6 bxc6 10. Bf3 Bb7 11. Re1 d6 12. Bg5 h6 13. Bh4 Qb8 14. Qd2 Kh7 15. Rad1 Qc8 16. Bg3 Nd7 17. h4 Ne5 18. Be2 Qe6 19. h5 Nc4 20. hxg6+ fxg6 21. Qc1 Rab8 22. b3 Nb6 23. Nb1 c5 24. Bd3 c4 25. bxc4 Nxc4 26. c3 Bc6 27. Re2 Rb6 28. Na3 Nxa3 29. Qxa3 Bb5 30. Bxb5 Rxb5 31. Qxa7 Qc4 32. Ree1 Rb2 33. a4 h5 34. a5 Rxe4 35. Rxe4 Qxe4 36. Rf1 h4 37. f3 Qc2 38. Bf2 Qxc3 39. a6 Rxf2 40. Rxf2 Bd4 41. Qb7 Qa1+ 42. Kh2 Bxf2 43. Qxc7+ Kh6 44. Qd8 Qe5+ 45. Kh1 Qe1+ 0-1

[Event "Thessaloniki/Chalkidiki-chT"]
[Site "Thessaloniki/Chalkidiki"]
[Date "2019.03.24"]
[Round "9.1"]
[White "Giannopoulos, Ioannis"]
[Black "Vlassis, Georgios"]
[Result "0-1"]
[WhiteElo "1763"]
[BlackElo "2044"]
[PlyCount "118"]
[EventDate "2019.01.13"]
[EventType "team-tourn"]
[EventRounds "9"]
[EventCountry "GRE"]
[SourceTitle "EXT 2020"]
[Source "ChessBase"]
[SourceDate "2019.10.17"]
[SourceVersion "1"]
[SourceVersionDate "2019.10.17"]
[SourceQuality "1"]
[WhiteTeam "Papafi Chronikos"]
[BlackTeam "Thessaloniki SO Sach"]
[WhiteTeamCountry "GRE"]
[BlackTeamCountry "GRE"]

1. d4 Nf6 2. c4 e6 3. Nc3 d5 4. cxd5 exd5 5. Bg5 Be7 6. Qc2 h6 7. Bh4 0-0 8. e3 Be6 9. Bd3 Ne8 10. Bxe7 Qxe7 11. Nf3 Nd7 12. 0-0 Nd6 13. Nb5 Nxb5 14. Bxb5 c6 15. Bd3 Rfe8 16. b4 Rac8 17. a4 b6 18. Qd2 c5 19. dxc5 bxc5 20. bxc5 Nxc5 21. Nd4 Bd7 22. Bb5 a6 23. Bxd7 Qxd7 24. Qa5 Qd6 25. Rac1 Ne4 26. Nf5 Qe5 27. Rxc8 Rxc8 28. Qxd5 Rc5 29. Qd8+ Kh7 30. Nd4 Rd5 31. Qc8 a5 32. Qc2 g6 33. Rb1 Nd6 34. Qc7 Rc5 35. Qd7 Kg7 36. Rd1 Nc4 37. Nf3 Qf6 38. Qd4 Qxd4 39. Rxd4 Nb2 40. g3 Rc1+ 41. Kg2 Ra1 42. Ne5 Nxa4 43. Rd7 Kf6 44. f4 Ke6 45. Ra7 Nc5 46. Nxf7 h5 47. Ne5 g5 48. Nc4 Ra2+ 49. Kg1 gxf4 50. gxf4 a4 51. Rh7 Kd5 52. Nb6+ Ke4 53. Rxh5 Nd3 54. Ra5 Kf3 55. Rxa4 Rg2+ 56. Kf1 Rxh2 57. Kg1 Rg2+ 58. Kf1 Rb2 59. Kg1 Rb1+ 0-1

[Event "Thessaloniki/Chalkidiki-chT"]
[Site "Thessaloniki/Chalkidiki"]
[Date "2019.02.10"]
[Round "4.2"]
[White "Ioannidis, Evgenios"]
[Black "Vlassis, Georgios"]
[Result "1-0"]
[WhiteElo "2401"]
[BlackElo "2044"]
[PlyCount "72"]
[EventDate "2019.01.13"]
[EventType "team-tourn"]
[EventRounds "9"]
[EventCountry "GRE"]
[SourceTitle "EXT 2020"]
[Source "ChessBase"]
[SourceDate "2019.10.17"]
[SourceVersion "1"]
[SourceVersionDate "2019.10.17"]
[SourceQuality "1"]
[WhiteTeam "Galaxias"]
[BlackTeam "Thessaloniki SO Sach"]
[WhiteTeamCountry "GRE"]
[BlackTeamCountry "GRE"]

1. d4 Nf6 2. c4 e6 3. Nc3 d5 4. cxd5 exd5 5. Bg5 Be7 6. e3 h6 7. Bh4 c6 8. Qc2 Be6 9. f3 0-0 10. 0-0-0 Qa5 11. Nge2 Na6 12. Nf4 Bd7 13. Be1 Nb4 14. Qb1 Qc7 15. g4 Bd6 16. a3 c5 17. dxc5 Bxc5 18. Bd2 Ba4 19. axb4 Bxd1 20. Kxd1 Bxb4 21. Ncxd5 Nxd5 22. Nxd5 Qc6 23. e4 Bd6 24. Qc2 Rfd8 25. Bd3 Rac8 26. Qb3 Qc5 27. Ke2 Bf8 28. Ra1 a6 29. Be3 Qd6 30. Bf4 Qe6 31. Qxb7 Rc6 32. Rxa6 Rxa6 33. Qxa6 Bd6 34. Qb6 Rb8 35. Qxd6 Rxb2+ 36. Ke3 Qc8 1-0

[Event "Paracin Summer op-A 11th"]
[Site "Paracin"]
[Date "2018.07.10"]
[Round "6"]
[White "Vlassis, Georgios"]
[Black "Martic, Zlatko"]
[Result "1/2-1/2"]
[WhiteElo "2005"]
[BlackElo "2264"]
[PlyCount "79"]
[EventDate "2018.07.06"]
[EventType "swiss"]
[EventRounds "9"]
[EventCountry "SRB"]
[SourceTitle "EXT 2019"]
[Source "ChessBase"]
[SourceDate "2018.10.10"]
[SourceVersion "1"]
[SourceVersionDate "2018.10.10"]
[SourceQuality "1"]

1. Nf3 Nf6 2. d4 c5 3. e3 g6 4. Be2 Bg7 5. 0-0 b6 6. c4 0-0 7. Nc3 cxd4 8. Nxd4 Bb7 9. Bf3 Qc8 10. b3 Nc6 11. Nxc6 Bxc6 12. Bb2 d6 13. Rc1 Re8 14. Bxc6 Qxc6 15. Nd5 Rad8 16. Qf3 Nxd5 17. cxd5 Qd7 18. Bxg7 Kxg7 19. Rc6 e6 20. Rfc1 exd5 21. Qxd5 Rc8 22. Qc4 d5 23. Qd4+ Kg8 24. R6c3 Rxc3 25. Qxc3 Qd6 26. h3 Re7 27. Rd1 Re5 28. Qd4 Qe6 29. Qc3 h5 30. Qc7 a5 31. Qd8+ Kh7 32. Rc1 Rxe3 33. Rc8 Re1+ 34. Kh2 Qe5+ 35. g3 Re2 36. Qg8+ Kh6 37. Qxf7 h4 38. Qf8+ Kh7 39. Qf7+ Kh6 40. Qf8+ 1/2-1/2

[Event "Paracin Summer op-A 11th"]
[Site "Paracin"]
[Date "2018.07.07"]
[Round "3"]
[White "Uzumcu, Ahmet Utku"]
[Black "Vlassis, Georgios"]
[Result "1/2-1/2"]
[WhiteElo "2261"]
[BlackElo "2005"]
[PlyCount "154"]
[EventDate "2018.07.06"]
[EventType "swiss"]
[EventRounds "9"]
[EventCountry "SRB"]
[SourceTitle "EXT 2019"]
[Source "ChessBase"]
[SourceDate "2018.10.10"]
[SourceVersion "1"]
[SourceVersionDate "2018.10.10"]
[SourceQuality "1"]

1. e4 c6 2. d4 d5 3. Nd2 dxe4 4. Nxe4 Nf6 5. Nxf6+ gxf6 6. c3 h5 7. Nf3 h4 8. h3 Bf5 9. Bd3 Bxd3 10. Qxd3 e6 11. Bd2 Nd7 12. 0-0-0 Nb6 13. Kb1 Qc7 14. c4 0-0-0 15. Qe2 Rd7 16. b3 Be7 17. Bc3 Qf4 18. Qe3 Qf5+ 19. Ka1 Bd6 20. Rhe1 Bf4 21. Qe4 Qxe4 22. Rxe4 e5 23. Ree1 Rhd8 24. Kb1 exd4 25. Rxd4 Be5 26. Rxd7 Nxd7 27. Bxe5 Nxe5 28. Nxe5 fxe5 29. Rxe5 Rg8 30. Rf5 Rxg2 31. Rxf7 Rh2 32. Rf3 c5 33. Kc2 Kc7 34. Kd3 a5 35. Ke4 Rg2 36. Kf5 Rg1 37. Rf4 Rg2 38. Ke4 Kd6 39. Kf3 Rg1 40. Rxh4 Ra1 41. Rh6+ Kc7 42. Re6 Rxa2 43. h4 Rb2 44. Re3 Rc2 45. h5 a4 46. bxa4 Rxc4 47. Re4 Rc3+ 48. Kg2 Rd3 49. h6 Rd6 50. Rh4 Rd8 51. h7 Rh8 52. Rh6 Kd7 53. Kf3 Ke8 54. Ke4 Kf8 55. Kd5 Kg7 56. Rh4 b6 57. Kc6 Rxh7 58. Rg4+ Kf8 59. Kxb6 Rf7 60. Kxc5 Rxf2 61. Re4 Rf5+ 62. Kb4 Rf1 63. a5 Rb1+ 64. Kc5 Rc1+ 65. Kb6 Rb1+ 66. Ka7 Kf7 67. a6 Rb2 68. Re5 Rb1 69. Re4 Rb2 70. Re3 Rb1 71. Re2 Rb3 72. Re1 Rb2 73. Re5 Rb1 74. Re4 Rb2 75. Re3 Rb1 76. Re5 Rb2 77. Re3 Rb1 1/2-1/2

[Event "Cap Aurora op 21st"]
[Site "Cap Aurora"]
[Date "2017.06.25"]
[Round "2"]
[White "Cioara, Andrei Nestor"]
[Black "Vlassis, Georgios"]
[Result "1-0"]
[WhiteElo "2448"]
[BlackElo "2001"]
[PlyCount "44"]
[EventDate "2017.06.24"]
[EventType "swiss"]
[EventRounds "9"]
[EventCountry "ROU"]
[SourceTitle "CBM 179 Extra"]
[Source "ChessBase"]
[SourceDate "2017.08.23"]
[SourceVersion "1"]
[SourceVersionDate "2017.08.23"]
[SourceQuality "1"]

1. d4 d5 2. c4 dxc4 3. e4 Nc6 4. Be3 e5 5. d5 Nb8 6. Bxc4 Bd6 7. Nc3 a6 8. Nge2 Nf6 9. f3 Nbd7 10. Qd2 b5 11. Bd3 Bc5 12. Nc1 Qe7 13. Nb3 Bb6 14. a4 b4 15. Na2 Nc5 16. Nxc5 Bxc5 17. Bxc5 Qxc5 18. Rc1 Qa5 19. Qxb4 Qxb4+ 20. Nxb4 Rb8 21. Rxc7 0-0 22. Nc6 Ra8 1-0

[Event "Thessaloniki Triandria op 5th"]
[Site "Thessaloniki"]
[Date "2012.04.21"]
[Round "5"]
[White "Vlassis, Georgios"]
[Black "Ballas, Athanasios Panag"]
[Result "0-1"]
[WhiteElo "2068"]
[BlackElo "1815"]
[PlyCount "80"]
[EventDate "2012.04.17"]
[EventType "swiss"]
[EventRounds "7"]
[EventCountry "GRE"]
[SourceTitle "EXT 2014"]
[Source "ChessBase"]
[SourceDate "2013.11.20"]
[SourceVersion "1"]
[SourceVersionDate "2013.11.20"]
[SourceQuality "1"]

1. e4 c5 2. a3 Nc6 3. b4 a6 4. bxc5 e5 5. Bc4 Bxc5 6. Nf3 Nf6 7. Nc3 0-0 8. 0-0 d6 9. d3 h6 10. h3 b5 11. Ba2 Nd4 12. Nd5 Bb7 13. Nxd4 Bxd4 14. c3 Nxd5 15. cxd4 Nc3 16. Qg4 Bc8 17. Qh5 Nxa2 18. Rxa2 exd4 19. g4 Be6 20. Re2 f6 21. f4 Ra7 22. Bb2 g5 23. fxg5 hxg5 24. Bxd4 Rh7 25. Qg6+ Rg7 26. Qh6 Rh7 27. Rxf6 Rxh6 28. Rxh6 Kf7 29. Rf2+ Ke8 30. Rxf8+ Kxf8 31. Rxe6 Qa5 32. Rxd6 Qxa3 33. Rd5 Qc1+ 34. Kg2 Qd2+ 35. Bf2 b4 36. Rd8+ Ke7 37. Rb8 a5 38. Kg1 b3 39. Bc5+ Kd7 40. d4 b2 0-1

[Event "Thessaloniki Triandria op 5th"]
[Site "Thessaloniki"]
[Date "2012.04.19"]
[Round "3"]
[White "Vlassis, Georgios"]
[Black "Tsinaris, Fotis"]
[Result "0-1"]
[WhiteElo "2068"]
[BlackElo "1818"]
[PlyCount "73"]
[EventDate "2012.04.17"]
[EventType "swiss"]
[EventRounds "7"]
[EventCountry "GRE"]
[SourceTitle "EXT 2014"]
[Source "ChessBase"]
[SourceDate "2013.11.20"]
[SourceVersion "1"]
[SourceVersionDate "2013.11.20"]
[SourceQuality "1"]

1. b4 c6 2. Bb2 a5 3. e4 axb4 4. Bc4 d5 5. exd5 cxd5 6. Bb3 Nf6 7. Qf3 e6 8. g4 Bd7 9. Ne2 Bc6 10. Rg1 Nbd7 11. g5 Ne4 12. Qh5 g6 13. Qh4 e5 14. f4 Bg7 15. f5 gxf5 16. d3 Nec5 17. Ng3 Nxb3 18. Nxf5 Bf8 19. cxb3 Qb6 20. Rf1 0-0-0 21. Nd2 Nc5 22. Qh3 Nd7 23. 0-0-0 Kb8 24. Rde1 Re8 25. Kb1 Bb5 26. Nd4 Bd6 27. Nxb5 Qxb5 28. Rxf7 Nc5 29. Rxh7 Rxh7 30. Qxh7 Nxd3 31. Re3 Nxb2 32. Kxb2 Qc5 33. Qd7 Rc8 34. Re1 Qc2+ 35. Ka1 Bc5 36. Nf3 Qc3+ 37. Kb1 0-1

[Event "Thessaloniki Triandria op 3rd"]
[Site "Thessaloniki"]
[Date "2010.04.??"]
[Round "?"]
[White "Vlassis, Georgios"]
[Black "Sideris, Giorgos"]
[Result "1/2-1/2"]
[WhiteElo "2164"]
[BlackElo "1944"]
[PlyCount "66"]
[EventDate "2010.04.10"]
[EventType "swiss"]
[EventRounds "9"]
[EventCountry "GRE"]
[SourceTitle "EXT 2011"]
[Source "ChessBase"]
[SourceDate "2010.11.26"]
[SourceVersion "1"]
[SourceVersionDate "2010.11.26"]
[SourceQuality "1"]

1. e4 g6 2. h4 Bg7 3. h5 d6 4. Bc4 c6 5. Qf3 e6 6. hxg6 hxg6 7. Rxh8 Bxh8 8. Ne2 d5 9. Bb3 Qh4 10. Ng3 Nf6 11. Nc3 d4 12. e5 dxc3 13. exf6 Qxf6 14. Qxf6 cxd2+ 15. Bxd2 Bxf6 16. 0-0-0 Nd7 17. Ne4 Be7 18. Rh1 b6 19. Rh8+ Nf8 20. Bh6 Bb7 21. Bxf8 Bxf8 22. Nd6+ Ke7 23. Nxb7 Rb8 24. Ba4 Rxb7 25. Bxc6 Rc7 26. Be4 Bg7 27. Rh7 Kf8 28. Rh3 Ke7 29. c3 f5 30. Bc2 Rc5 31. Bb3 Kf6 32. Kc2 b5 33. Re3 Re5 1/2-1/2

[Event "Athens Siaperas Memorial 1st"]
[Site "Athens"]
[Date "2004.??.??"]
[Round "2"]
[White "Trivizas, Mihail"]
[Black "Vlassis, Georgios"]
[Result "1-0"]
[WhiteElo "2034"]
[BlackElo "2169"]
[PlyCount "55"]
[EventDate "2004.??.??"]
[EventType "swiss"]
[EventRounds "7"]
[EventCountry "GRE"]
[SourceTitle "EXT 2006"]
[Source "ChessBase"]
[SourceDate "2005.11.24"]
[SourceVersion "1"]
[SourceVersionDate "2005.11.24"]
[SourceQuality "1"]

1. d4 d5 2. c4 dxc4 3. Nf3 a6 4. e3 e6 5. Bxc4 Nf6 6. 0-0 c5 7. Nc3 Qc7 8. Qe2 b5 9. Bd3 Bb7 10. e4 Be7 11. dxc5 Bxc5 12. Bg5 Nbd7 13. Rac1 Qb6 14. e5 Nd5 15. Ne4 h6 16. Nxc5 Nxc5 17. Be3 Nxe3 18. Qxe3 Nd7 19. Qe2 0-0 20. Bb1 Rfc8 21. Rcd1 Rd8 22. Rd6 Qc7 23. Rfd1 Nb6 24. Qd3 Nd5 25. Qh7+ Kf8 26. Qh8+ Ke7 27. Qxg7 Rxd6 28. exd6+ 1-0

[Event "Thessaloniki Tower op"]
[Site "Thessaloniki"]
[Date "1999.11.16"]
[Round "4"]
[White "Vlassis, Georgios"]
[Black "Banikas, Hristos"]
[Result "1/2-1/2"]
[WhiteElo "2213"]
[BlackElo "2518"]
[PlyCount "97"]
[EventDate "1999.??.??"]
[EventType "swiss"]
[EventRounds "9"]
[EventCountry "GRE"]
[SourceTitle "EXT 2002"]
[Source "ChessBase"]
[SourceDate "2001.11.25"]
[SourceVersion "1"]
[SourceVersionDate "2001.11.25"]
[SourceQuality "1"]

1. e4 c5 2. Nc3 Nc6 3. Nge2 e6 4. g3 g6 5. Bg2 Bg7 6. 0-0 Nge7 7. d3 0-0 8. Be3 b6 9. d4 cxd4 10. Nxd4 Ba6 11. Re1 Rc8 12. Qd2 Ne5 13. b3 Ng4 14. Rad1 Rc5 15. Na4 Rh5 16. c4 Rxh2 17. Bg5 Qe8 18. f3 f6 19. fxg4 Rxg2+ 20. Kxg2 fxg5 21. Rf1 Bb7 22. Rxf8+ Qxf8 23. Nc3 h6 24. Rf1 Qe8 25. Ndb5 Nc8 26. Kh2 a6 27. Nd4 Nd6 28. Qe3 Nf7 29. Nf3 Bc6 30. b4 b5 31. c5 a5 32. a3 axb4 33. axb4 Qa8 34. Nd4 Ne5 35. Kh3 Qa3 36. Nxc6 Nxc6 37. Nd5 Qxe3 38. Nxe3 Nxb4 39. Rb1 Nd3 40. Rxb5 Bd4 41. Nc4 Nf2+ 42. Kg2 Nxe4 43. Rb8+ Kg7 44. Nb6 Bxc5 45. Nxd7 Bd6 46. Rb7 Nxg3 47. Ne5+ Kf6 48. Nd7+ Kg7 49. Ne5+ 1/2-1/2

[Event "Korinthos op 1st"]
[Site "Korinthos"]
[Date "1997.??.??"]
[Round "2"]
[White "Grivas, Efstratios"]
[Black "Vlassis, Georgios"]
[Result "1-0"]
[WhiteElo "2510"]
[BlackElo "2205"]
[PlyCount "51"]
[EventDate "1997.07.??"]
[EventType "swiss"]
[EventRounds "9"]
[EventCountry "GRE"]
[SourceTitle "EXT 2001"]
[Source "ChessBase"]
[SourceDate "2000.11.22"]
[SourceVersion "1"]
[SourceVersionDate "2000.11.22"]
[SourceQuality "1"]

1. Nf3 d5 2. c4 dxc4 3. e3 Nf6 4. Bxc4 e6 5. 0-0 c5 6. b3 Be7 7. Bb2 0-0 8. Re1 Nc6 9. a3 b6 10. Bf1 Bb7 11. d3 Nd5 12. Nbd2 Bf6 13. Qc2 Qe7 14. e4 Nc7 15. e5 Bg5 16. Ne4 Bh6 17. Nd6 Ba6 18. b4 f6 19. bxc5 Nxe5 20. Nxe5 fxe5 21. Bxe5 bxc5 22. Qxc5 Nd5 23. Qc6 Nc7 24. Ne4 Bf4 25. Bxc7 Qxc7 26. Qxa6 1-0

[Event "Korinthos op 1st"]
[Site "Korinthos"]
[Date "1997.??.??"]
[Round "8"]
[White "Paunovic, Dragan"]
[Black "Vlassis, Georgios"]
[Result "1-0"]
[WhiteElo "2495"]
[BlackElo "2205"]
[PlyCount "71"]
[EventDate "1997.07.??"]
[EventType "swiss"]
[EventRounds "9"]
[EventCountry "GRE"]
[SourceTitle "EXT 2001"]
[Source "ChessBase"]
[SourceDate "2000.11.22"]
[SourceVersion "1"]
[SourceVersionDate "2000.11.22"]
[SourceQuality "1"]

1. d4 d5 2. c4 dxc4 3. Nf3 a6 4. e3 Nf6 5. Bxc4 e6 6. 0-0 c5 7. b3 b5 8. Be2 Bb7 9. Bb2 Nbd7 10. Nbd2 Be7 11. a4 b4 12. Ne5 0-0 13. Bf3 Qb8 14. Nc6 Bxc6 15. Bxc6 Ra7 16. Bf3 Rc7 17. Nc4 Nb6 18. Ne5 Nbd5 19. Qd3 Qa7 20. Rac1 Rfc8 21. g3 cxd4 22. Bxd4 Bc5 23. Bb2 h6 24. Nc4 Be7 25. Be5 Rc6 26. Rcd1 Rd8 27. Qe2 Ne8 28. Qb2 Bf6 29. Bxf6 Nexf6 30. e4 Qc7 31. exd5 exd5 32. Ne3 Rc3 33. Nxd5 Nxd5 34. Bxd5 Qe5 35. Qd2 Kh7 36. Be4+ 1-0

[Event "Katerini op"]
[Site "Katerini"]
[Date "1992.??.??"]
[Round "?"]
[White "Voiska, Margarita"]
[Black "Vlassis, Georgios"]
[Result "1-0"]
[WhiteElo "2315"]
[BlackElo "2305"]
[PlyCount "60"]
[EventDate "1992.08.??"]
[EventType "swiss"]
[EventRounds "9"]
[EventCountry "GRE"]
[SourceTitle "CBM 032 Extra"]
[Source "ChessBase"]
[SourceDate "1993.03.01"]
[SourceVersion "1"]
[SourceVersionDate "1993.03.01"]
[SourceQuality "1"]

1. d4 Nf6 2. c4 e6 3. Nf3 Bb4+ 4. Bd2 Bxd2+ 5. Nbxd2 d5 6. g3 0-0 7. Bg2 c6 8. 0-0 Nbd7 9. Qc2 Qe7 10. Qc3 a5 11. a4 dxc4 12. Nxc4 Nd5 13. Qb3 Nb4 14. Rfc1 Rd8 15. Qc3 Ra6 16. Nfd2 Nb6 17. Nxb6 Rxb6 18. Qc5 Qxc5 19. dxc5 Ra6 20. Nc4 Kf8 21. Rd1 Rxd1+ 22. Rxd1 Ke7 23. Nb6 Rxb6 24. cxb6 Nd5 25. Bxd5 exd5 26. e4 Be6 27. Rc1 d4 28. Rxc6 Bb3 29. Rc7+ Kd6 30. Kf1 Bxa4 1-0

[Event "Kavala op"]
[Site "Kavala"]
[Date "1991.??.??"]
[Round "?"]
[White "Wahls, Matthias"]
[Black "Vlassis, Georgios"]
[Result "1-0"]
[WhiteElo "2560"]
[BlackElo "2305"]
[PlyCount "45"]
[EventDate "1991.??.??"]
[EventType "swiss"]
[EventRounds "9"]
[EventCountry "GRE"]
[SourceTitle "EXT 2003"]
[Source "ChessBase"]
[SourceDate "2002.11.25"]
[SourceVersion "1"]
[SourceVersionDate "2002.11.25"]
[SourceQuality "1"]

1. e4 e5 2. Nf3 Nc6 3. Bb5 a6 4. Ba4 Nf6 5. 0-0 Be7 6. Re1 b5 7. Bb3 d6 8. c3 0-0 9. h3 Nb8 10. d4 Nbd7 11. a4 Bb7 12. Bc2 c5 13. Nbd2 Re8 14. d5 c4 15. b4 cxb3 16. Nxb3 bxa4 17. Rxa4 Nb6 18. Ra2 Nc4 19. Bd3 Qc7 20. Qe2 Rec8 21. Nfd2 Bxd5 22. exd5 Nxd5 23. Qe4 1-0